| Tag |
First Indicator |
Second Indicator |
Subfields |
| LEADER |
00000cam a2200000Ia 4500 |
| 001 |
in00001560607 |
| 005 |
20151022074318.0 |
| 008 |
840217s1982 cs 000 0 cze d |
| 035 |
|
|
|a (OCoLC)ocm10425636
|
| 040 |
|
|
|a HLS
|c HLS
|d TXA
|d UtOrBLW
|
| 049 |
|
|
|a TXAM
|
| 090 |
|
|
|a PG5039.12.O3
|b L4 x, 1982
|
| 100 |
1 |
|
|a Bochořák, Klement.
|
| 245 |
1 |
0 |
|a Legendy ; Staronové básně /
|c Klement Bochořák.
|
| 264 |
|
1 |
|a Řím :
|b Velehrad-Křesťanská akademie,
|c 1982.
|
| 300 |
|
|
|a 134 pages ;
|c 19 cm.
|
| 336 |
|
|
|a text
|b txt
|2 rdacontent
|
| 337 |
|
|
|a unmediated
|b n
|2 rdamedia
|
| 338 |
|
|
|a volume
|b nc
|2 rdacarrier
|
| 490 |
0 |
|
|a Vigilie ;
|v sv. 61
|
| 700 |
1 |
|
|a Bochořák, Klement.
|t Staronové básně.
|f 1982.
|
| 740 |
0 |
|
|a Staronové básně.
|
| 948 |
|
|
|a cataloged
|b h
|c 2000/10/9
|d c
|e dchroust
|f 1:25:17 pm
|
| 994 |
|
|
|a E0
|b TXA
|
| 999 |
|
|
|a MARS
|
| 999 |
f |
f |
|s 4f7decd0-03b3-358d-9e4b-1ab2cf5b6f21
|i 550f45fc-8ce1-3097-ae97-d83a1d8336f4
|t 0
|
| 952 |
f |
f |
|p ric
|a Texas A&M University
|b Rellis Campus
|c Joint Library Facility
|d Remote Storage
|t 0
|e PG5039.12.O3 L4 1982
|h Library of Congress classification
|i unmediated -- volume
|m A14826853046
|
| 998 |
f |
f |
|a PG5039.12.O3 L4 1982
|t 0
|l Remote Storage
|